000 00528nam a2200181Ia 4500
005 20250508161858.0
008 008 250505s9999 xx 000 0 eng d
037 _aTextual
040 _aFEDL
_beng
_cFEDL
041 _aeng
_2eng
084 _a374.4, MAC
_qFEDL
100 _aMackenzie Ossian
_9771736
245 0 _aCorrespondence instruction in the united states
260 _aNew York, USA
_bMcGraw-Hill Book Company
_c1968
300 _axv,261p.
942 _cTEXL
_h374.4, MAC
999 _c1372892
_d1372892